Μουσεία, άτυπη εκπαίδευση και ιστορία : κριτική εξέταση των αναπαραστάσεων του Α' παγκοσμίου πολέμου σε ενδεικτικές περιπτώσεις ευρωπαϊκών μουσείων του πολέμου και κριτική διερεύνηση της εκπαιδευτικής χρήσης των νέων τεχνολογιών ; διπλωματική εργασία [μεταπτυχιακή εργασία]
Αποθηκεύτηκε σε:
| Κύριος συγγραφέας: | |
|---|---|
| Μορφή: | Thesis Βιβλίο |
| Γλώσσα: | Greek |
| Δημοσίευση: |
2015.
|
| Θέματα: | |
| Διαθέσιμο Online: | http://hdl.handle.net/11610/16273 |
| Ετικέτες: |
Προσθήκη ετικέτας
Δεν υπάρχουν, Καταχωρήστε ετικέτα πρώτοι!
|
MARC
| LEADER | 00000cam a2200000 a 4500 | ||
|---|---|---|---|
| 001 | 1/106831 | ||
| 008 | 150609s2015####gr | ||| |||| ||gre|| | ||
| 040 | |a GR-MyUa |b gre |c GR-MyUa |e AACR2 | ||
| 041 | 0 | |a gre | |
| 082 | 7 | |a 069.15 |2 (23) | |
| 100 | 1 | |a Κορρές, Κωνσταντίνος. | |
| 245 | 1 | 0 | |a Μουσεία, άτυπη εκπαίδευση και ιστορία : |b κριτική εξέταση των αναπαραστάσεων του Α' παγκοσμίου πολέμου σε ενδεικτικές περιπτώσεις ευρωπαϊκών μουσείων του πολέμου και κριτική διερεύνηση της εκπαιδευτικής χρήσης των νέων τεχνολογιών ; διπλωματική εργασία [μεταπτυχιακή εργασία] / |c Κορρές Κωνσταντίνος ; επιβλέπων καθηγητής Κόκκινος Γιώργος. |
| 260 | |c 2015. | ||
| 300 | |a 147 σ. : |b εικ. ; |c 30 εκ. | ||
| 502 | # | # | |a Διατριβή (μεταπτυχιακή) – Πανεπιστήμιο Αιγαίου, Ρόδος, 2015. |
| 504 | |a Βιβλιογραφία: σ. 140-145. | ||
| 506 | 1 | |a Πλήρες κείμενο - ενδοπανεπιστημιακή δημοσίευση. | |
| 650 | 0 | |a Museums |x Educational aspects |z Greece. | |
| 650 | 0 | |a Museums and schools |x Audio-visual aids. | |
| 650 | 0 | |a Museums |x Computer network resources. | |
| 650 | 0 | |a Visual education. | |
| 700 | 1 | |a Κόκκινος, Γιώργος, |d 1960- |e dgs | |
| 852 | |a INST |b RHODES |c DIATR |e 20150609 |h 069.15 ΚΟΡ |p 005400037798 |q 005400037798 |t MTXE |y 23 | ||
| 852 | |a INST |b RHODES |c DIATR |e 20150609 |h 069.15 ΚΟΡ |p 005400037799 |q 005400037799 |t MTXE |y 23 | ||
| 856 | |u http://hdl.handle.net/11610/16273 | ||
| 924 | |a Κορρές |b Κωνσταντίνος |y Ρόδος |z 2015-03 | ||
| 970 | |z 09-06-2015 | ||